000
00190 a2200097 4500
020
_a
9780545424936
041
_a
eng
100
_a
Stiefvater, Maggie
245
_a
The Raven Boys
942
_c
BK
999
_c
31706
_d
31704